000 01755agaaa2200349 4500
001 0851
003 IT-RoPAU
005 20220918181245.0
007 d cvaizq
008 50131s9999||||xx ||| | || ||und||
040 _aIT-RoPAU
_cIT-RoPAU
041 _aITALIANO
100 _aJires Jaromil
_gCodice regista SPICS: 29161
_946874
130 _aECLISSI PARZIALE
_946875
240 _aNEUPLNE ZATMENI
_gT1284
245 _aECLISSI PARZIALE
_cProdotto da: Nejedla Eliska -- Sceneggiatura: Fischerova Daniela Jires Jaromil -- Diretto da: Jires Jaromil
_pECLISSI PARZIALE (Rif. Codice opera principale : V0851)
246 _aNEUPLNE ZATMENI
250 _aEdizione Standard
260 _aPRAGA (CECOSLOVACCHIA)
_bSTUDIO BARRANDOV / Distribuzione: SPF FIRENZE
_g"1982 (1° ed.: 1993 ; Ed. Lingua Orig.: 1982)"
300 _a16MM
_bsonoro, col.
_c90 minuti
508 _a"Fotografia: Sirotek Emil; Montaggio: Valusiak Josef; Musica: Popolanik Zdenek; Sceneggiatura: Fischerova Daniela Jires Jaromil; Scenografia: Dvorak Miroslav; Soggetto: Fischerova Daniela -- Jires Jaromil"
511 _a"Patikova Lucia; Bohdanova Blanka; Nauratil Oldrich; Brezinova Jana; Bestakova Gabrie"
520 _aFILM A COLORI. PELLICOLA IN OTTIMO STATO. PER TRAMA VEDI VIDEOCASSETTA:9960/83158.
538 _aMONO
546 _aITALIANO
650 _aDRAMMATICO
_ePELLICOLE CINEMA [16 MM]
_xCodice MATERIA SPICS: 9955
_946876
700 _aFischerova Daniela
_e(soggetto)
_gCodice Soggetto SPICS: 29163
_946877
700 _aJires Jaromil
_e(regista)
_gCodice regista SPICS: 29161
_946878
700 _aJires Jaromil
_e(soggetto)
_gCodice Soggetto 2° SPICS: 29161
_946879
700 _aPopolanik Zdenek
_e(musica)
_gCodice Musica SPICS: 29164
_946880
942 _cMM
_2ddc
999 _c106439
_d106439